| 000 | 00631nam a22002177a 4500 | ||
|---|---|---|---|
| 003 | OSt | ||
| 005 | 20131112101948.0 | ||
| 008 | 130515s1996 sp ||||| |||| 00| 0 spa d | ||
| 020 | _a8434412675 | ||
| 040 | _cCDMR | ||
| 100 | 1 |
_9279 _aNieto, Alfonso |
|
| 245 |
_aServicios comerciales de información _cAlfonso Nieto Tamargo, Alfonso Sánchez-Tabernero |
||
| 260 |
_aBarcelona _bAriel _c1996 |
||
| 300 | _a190 p. | ||
| 490 | 0 | _aAriel Comunicación | |
| 650 | 0 | 4 |
_9744 _aServeis d'informació |
| 650 | 0 | 4 |
_91465 _aEmpresa informativa |
| 650 | 0 | 4 |
_93396 _aMàrqueting |
| 700 | 1 |
_9402 _aSánchez Tabernero, Alfonso |
|
| 942 |
_2udc _cMON |
||
| 999 |
_c6254 _d6254 |
||